Introducción histórica a la psicología contemporánea

Guardat en:
Dades bibliogràfiques
Autor principal: Murphy, Gardner (autor)
Format: Llibre
Idioma:espanyol
Publicat: Buenos Aires Paidós 1964
Edició:2a. ed
Col·lecció:Biblioteca de Historia de la Psicología, 2
Matèries:
Etiquetes: Afegir etiqueta
Sense etiquetes, Sigues el primer a etiquetar aquest registre!

MARC

LEADER 00000nam a2200000 a 4500
001 UCS9071
003 CL-VaPUC
008 971113e19640000AG |||||||||||||||||spa|d
082 0 4 |a 150.9  |b MUR  |2 21 
100 |a Murphy, Gardner  |e autor  |9 335744 
245 1 0 |a Introducción histórica a la psicología contemporánea 
250 |a 2a. ed 
300 |a 425 p 
942 |c BK 
945 |d 19971113 00:00:00  |a jquezada 
260 |a Buenos Aires  |b Paidós  |c 1964 
650 7 |a HISTORIA DE LA PSICOLOGIA  |2 CL-VaPUC  |9 394058 
650 7 |a PSICOLOGIA EXPERIMENTAL  |2 CL-VaPUC  |9 309015 
650 0 |a Psicología fisiológica  |9 309849 
650 0 |a Psicología social   |9 222894 
650 7 |a PSICOLOGIA GESTALTICA  |2 CL-VaPUC  |9 306251 
583 |a last modification  |c 20130101 09:35:33  |k Rodrigo Vera 
490 0 |a Biblioteca de Historia de la Psicología, 2 
999 |c 263130  |d 263128 
952 |0 0  |1 0  |4 0  |6 150_900000000000000_MUR_1964  |7 0  |8 A  |9 292227  |a BIBGIM  |b BIBGIM  |d 2019-11-19  |i 3363376  |o 150.9 MUR 1964  |p 3363376  |r 2025-01-15  |w 2019-11-19  |y BK  |k COM